[Event "Candidates m3"]
[Site "Wijk aan Zee"]
[Date "1991.??.??"]
[Round "4"]
[White "Jussupow, Artur"]
[Black "Dolmatov, Sergey"]
[Result "1/2-1/2"]
[WhiteElo "2605"]
[BlackElo "2620"]
[Annotator "Ftacnik,L"]
[PlyCount "93"]
[EventDate "1991.01.??"]
[EventType "match"]
[EventRounds "8"]
[EventCountry "NED"]
[SourceTitle "Candidates"]
[Source "ChessBase"]
[SourceDate "1999.07.01"]
[SourceVersion "2"]
[SourceVersionDate "1999.07.01"]
[SourceQuality "1"]

1. d4 Nf6 2. Nf3 g6 3. c4 Bg7 4. g3 c6 5. Bg2 d5 6. cxd5 cxd5 7. O-O O-O 8. Nc3
Ne4 9. Nxe4 dxe4 10. Ne5 f6 11. Qb3+ e6 12. Nc4 Nc6 13. e3 f5 14. Bd2 Rb8 15.
Rac1 Bd7 16. Rfd1 b5 $1 {N} (16... Qe7 17. Ne5 $1 $14 {Andersson,U-Nunn,J/
Skelleftea WCup/1989/ ->CBM 14}) 17. Ne5 Nxe5 18. dxe5 b4 $1 (18... Bxe5 19.
Bb4 Rf7 20. Bd6 $14) 19. Rc5 a5 20. Qc4 Rc8 21. Qd4 Rxc5 22. Qxc5 Bc8 $1 23.
Bf1 Rf7 24. Bxb4 $1 Qxd1 25. Qxc8+ Bf8 26. Bxa5 Qd5 27. Bc3 Kg7 28. Bd4 (28.
Bc4 Qd1+ 29. Kg2 Qf3+ $10) 28... Qd7 (28... Qxa2 29. Bc4 Qb1+ 30. Kg2 Qd1 31.
Qxe6 Qf3+ 32. Kg1 Qd1+ 33. Bf1 $16) 29. Ba6 Qxc8 30. Bxc8 Re7 31. a4 Kf7 32.
Bb6 Re8 33. Bd7 Ra8 34. b3 (34. a5 Bb4 35. Bc6 Bxa5 $10) 34... Bb4 35. Bd4 Ke7
36. Bb5 Rc8 37. Bc4 g5 38. Kf1 g4 39. Kg2 Kd7 40. h4 h6 41. Kf1 h5 42. Ke2 Rxc4
$1 43. bxc4 Kc7 44. Kd1 Kc6 45. Ke2 Kc7 46. Kd1 Kc6 47. Ke2 {Ftacnik,L} 1/2-1/2

[Event "FIDE-Wch"]
[Site "NED/INA"]
[Date "1993.??.??"]
[Round "12"]
[White "Karpov, Anatoly"]
[Black "Timman, Jan H"]
[Result "1/2-1/2"]
[WhiteElo "2760"]
[BlackElo "2620"]
[Annotator "Ftacnik,L"]
[PlyCount "102"]
[EventDate "1993.09.??"]
[EventType "match"]
[EventRounds "21"]
[EventCountry "NED"]
[SourceTitle "CBM 036"]
[Source "ChessBase"]
[SourceDate "1993.10.01"]
[SourceVersion "1"]
[SourceVersionDate "1993.10.01"]
[SourceQuality "1"]

1. d4 Nf6 2. c4 g6 3. Nf3 Bg7 4. g3 c6 5. Bg2 d5 6. cxd5 cxd5 7. Nc3 O-O 8. Ne5
e6 9. O-O Nfd7 10. f4 Nc6 11. Be3 f6 12. Nd3 Nb6 (12... Kh8 13. Bf2 f5 14. Ne5
Nf6 15. Rc1 Bd7 16. Qb3 Rb8 17. Qa3 Be8 18. Nxc6 bxc6 19. b3 Rf7 20. Rc2 g5 21.
e3 Ng4 22. Bf3 Qf6 23. Bxg4 fxg4 24. Be1 {Renman,N-Wessman,R/SVE-ch/1989/0.5 
(45)}) 13. b3 Bd7 (13... Qe7 14. a4 Bd7 15. Bc1 Rfd8 16. e3 Be8 17. Ba3 Qf7 18.
Rc1 Bf8 19. Bxf8 Qxf8 20. g4 $5 $36 {Karpov,An-Timman,J/Kuala Lumpur (m/4)/
1990/1-0 (76)}) 14. Bf2 (14. Nc5 Rb8 15. Qd2 f5 16. Rfc1 Nc8 17. Bf2 Nd6 $10 {
Nikolic,Pr-Nunn,J/Linares/1988/}) 14... Qe7 15. Rc1 Rad8 16. Rc2 Be8 17. Rd2 (
17. e3 e5 18. dxe5 fxe5 19. fxe5 Bf7 20. e4 (20. Nb5 a6 21. e4 $140 $2 d4 $1
$17) 20... dxe4 21. Nxe4 Bxe5 $13) 17... Nc8 (17... e5 $2 18. dxe5 fxe5 19. Bc5
$16) (17... f5 18. Nc5 Rc8 (18... Nxd4 $2 19. Rxd4 Qxc5 20. Rxd5 Rxd5 21. Nxd5
$16) 19. e3 Nd8 $13) 18. e3 Nd6 19. g4 Kh8 20. Qe2 (20. h4 f5 21. g5 h5 22.
gxh6 Bxh6 $132) 20... f5 21. g5 (21. gxf5 gxf5 22. Kh1 Rg8 $13) 21... Ne4 22.
Rc2 Nb4 $1 (22... Nxc3 23. Rxc3 Rc8 24. Rfc1 $14) 23. Nxb4 Qxb4 24. Rfc1 Bc6
25. Be1 Qe7 26. Nxe4 (26. Na4 Bxa4 27. bxa4 Rd7 28. a5 a6 $10) 26... dxe4 27.
Bf1 Rc8 28. h4 h5 $1 (28... Qd7 29. h5 $16) 29. Qd2 (29. gxh6 Bxh6 $13) 29...
Qd7 30. Qa5 a6 31. Bb4 Rfe8 32. Bc5 $6 (32. Qb6 $5 Ra8 $1 $14 (32... Bd5 33.
Rc7 Rxc7 34. Rxc7 Qd8 35. Bc4 $16) (32... Bf8 33. Bxf8 Rxf8 34. Bxa6 $1 $16))
32... Bd5 33. Bb6 Rxc2 34. Rxc2 Rc8 35. Rxc8+ (35. Rc5 Bf8) 35... Qxc8 36. Qc5
Qxc5 37. Bxc5 (37. dxc5 e5 $1) 37... Kg8 38. Kf2 Kf7 39. Ke1 Bf8 40. Kd2 Be7 (
40... Bxc5 41. dxc5 e5 42. Kc3 $1 Ke6 43. a3 a5 44. b4 $16) 41. Bxe7 (41. Kc3
Bd8 42. Kb4 Ke8 $10) 41... Kxe7 42. Kc3 a5 43. a3 b6 44. b4 Kd7 45. Bb5+ Kd6
46. Bc4 Kc7 47. Bb5 Kd8 48. Ba4 Ke7 49. Bb3 Bc6 50. bxa5 bxa5 51. Bc4 (51. Kc4
Bd5+ 52. Kc3 Bc6) 51... Kd6 1/2-1/2

[Event "Linares 09th"]
[Site "Linares"]
[Date "1991.??.??"]
[Round "6"]
[White "Karpov, Anatoly"]
[Black "Gelfand, Boris"]
[Result "1-0"]
[WhiteElo "2725"]
[BlackElo "2700"]
[Annotator "Ftacnik,L"]
[PlyCount "113"]
[EventDate "1991.02.??"]
[EventType "tourn"]
[EventRounds "13"]
[EventCountry "ESP"]
[EventCategory "17"]
[SourceTitle "CBM 022"]
[Source "ChessBase"]
[SourceDate "1991.06.01"]
[SourceVersion "1"]
[SourceVersionDate "1991.06.01"]
[SourceQuality "1"]

1. d4 {Anand} Nf6 2. c4 g6 3. Nf3 Bg7 4. g3 O-O 5. Bg2 c6 6. Nc3 d5 7. cxd5
cxd5 8. Ne5 (8. O-O {Anand} Ne4 9. Nxe4 dxe4 10. Ne5 Qd5 {Salov-Gelfand
Linares 1991}) 8... Bf5 (8... e6 {Anand} 9. O-O Nfd7) 9. O-O Ne4 10. Be3 Nxc3
11. bxc3 Nc6 12. Qb3 e6 (12... Nxe5 {Anand} 13. dxe5 e6) 13. Nxc6 bxc6 14. Qa3
Re8 (14... e5 {Anand} 15. dxe5 Bxe5 16. Bc5 $14) 15. Bf4 e5 16. Bxe5 Bxe5 17.
dxe5 Rxe5 18. e3 Be4 (18... Qd7 {/\ Rae8,h5,h4<=> (Karpov)}) (18... Qf8 {Anand}
19. Qa4 Qc5 20. Qd4 $14) 19. Rfd1 Qf6 $2 20. Rd4 h5 21. h3 Rb8 (21... h4 22. g4
$1) 22. Rad1 Bxg2 23. Kxg2 Qe7 24. Qxe7 Rxe7 25. R1d2 (25. c4 {Anand} dxc4 26.
Rxc4 Rb2 27. a4 Rxe3) 25... Rb6 $6 (25... Reb7 $22 26. c4 dxc4 27. Rxc4 Rb2
$132) 26. c4 $1 dxc4 27. Rxc4 Kg7 28. Rdc2 Rc7 29. g4 $1 hxg4 30. hxg4 Kf6 31.
Kg3 Ke6 32. a4 Kd7 33. g5 $1 {x f7} Ra6 34. Rd4+ Ke8 35. Rc5 Rb6 36. Kf4 Rd7
37. Rxd7 Kxd7 38. Ke5 $1 Ke7 39. f4 Rb4 40. Ra5 Rb7 41. e4 Rc7 42. Rc5 $1 Rc8
43. Rc3 Re8 44. Rc4 (44. Rxc6 Kd7+ 45. Kd5 Rxe4 $1) 44... Rc8 45. Rb4 Rc7 46.
a5 Kd7 47. Rb3 $1 Ke7 (47... Kc8 48. Kf6 $1) 48. a6 $1 Kd7 (48... c5 49. Kd5 c4
50. Rb7 Kd7 51. Rxc7+ Kxc7 52. Kxc4 Kb6 53. f5 Kxa6 54. e5 Kb6 (54... gxf5 55.
e6 fxe6 56. g6 $18) 55. e6 fxe6 56. fxg6 $18) 49. Kf6 Kc8 50. Rh3 (50. f5 $18 {
Anand}) 50... Rd7 51. f5 gxf5 52. exf5 c5 53. Rc3 Rc7 54. g6 fxg6 55. fxg6 Kd7
56. g7 Rc8 57. Rg3 {Ftacnik,L} 1-0

[Event "Capablanca Memorial Elite 34th"]
[Site "Havana"]
[Date "1999.05.20"]
[Round "12"]
[White "Baburin, Alexander"]
[Black "Bruzon Batista, Lazaro"]
[Result "0-1"]
[WhiteElo "2586"]
[BlackElo "2488"]
[Annotator "Ftacnik,L"]
[PlyCount "82"]
[EventDate "1999.05.??"]
[EventType "tourn"]
[EventRounds "13"]
[EventCountry "CUB"]
[EventCategory "12"]
[SourceTitle "CBM 071"]
[Source "ChessBase"]
[SourceDate "1999.08.01"]
[SourceVersion "1"]
[SourceVersionDate "1999.08.01"]
[SourceQuality "1"]

1. d4 Nf6 2. c4 g6 3. Nf3 Bg7 4. g3 O-O 5. Bg2 c6 6. Nc3 d5 7. cxd5 cxd5 8. Ne5
e6 9. O-O Nfd7 10. f4 Nc6 11. Be3 f6 12. Nf3 Nb6 13. b3 Bd7 14. Bf2 f5 15. Ne5
Be8 (15... Nc8 16. Qd2 (16. Na4 Nxe5 17. dxe5 Bxa4 18. bxa4 Nb6 19. Rb1 Rf7 20.
g4 Rc8 21. Qb3 Bf8 22. gxf5 gxf5 23. Kh1 Bc5 24. Be1 Rcc7 25. Qh3 {1-0
Chiburdanidze,M-Grebenkin,V/Ekaterinburg 1997/ (46)}) 16... Nd6 17. Rfc1 Rc8
18. a3 Bf6 19. Kh1 Be8 20. Na4 b6 21. Qe3 Ne4 22. Be1 Nxe5 23. dxe5 Be7 24.
Bxe4 fxe4 25. Bb4 Bxa4 26. Rxc8 Qxc8 27. Bxe7 Re8 28. Rc1 Qb7 29. Bd6 d4 30.
Qxd4 Bxb3 31. Rc7 {1-0 Martinovsky,E-Henao,R/Saint John/1988/ (39)}) 16. Rc1
Qe7 17. e3 $6 {Baburin loses a great part of flexibility in his position with
this schematic move.} (17. Qd2) 17... Nc8 18. g4 Nd6 19. gxf5 (19. g5 Rc8 $11)
19... Nxf5 20. Ne2 Kh8 (20... Nxe5 21. dxe5 Bc6 22. e4 dxe4 23. Bc5 Qh4 24.
Bxf8 Rxf8 $13) 21. Ng3 Nh4 (21... Nxe5 22. Nxf5 $1 (22. fxe5 Bb5 23. Re1 Nh4
24. Bh1 Rf7 $17) 22... Rxf5 23. dxe5 Bb5 24. Re1 $11) 22. Bh3 $2 (22. Bh1 Nxe5
23. dxe5 Bb5 24. Re1 $13) 22... Nxe5 23. dxe5 Bb5 24. Re1 Bxe5 $1 {[%mdl 128]
Bruzon correctly uses the chance to bring all his pieces into attacking
positions.} 25. fxe5 Nf3+ 26. Kg2 (26. Kh1 Qh4 27. Kg2 Ng5 28. Qg4 Rxf2+ 29.
Kxf2 Nxh3+ 30. Kf3 Rf8+ $19) 26... Nh4+ 27. Kg1 Nf3+ 28. Kg2 Qh4 29. Bg1 (29.
Rg1 Ng5 30. Bg4 Rxf2+ 31. Kxf2 Qxh2+ 32. Rg2 Rf8+ 33. Bf3 Qh3 34. Rc7 Ba6 35.
Rg1 Nxf3 36. Qxf3 Rxf3+ 37. Kxf3 h5 $19) (29. Rc5 Ba6 30. e4 Ng5 $1 (30... g5
$6 31. Nf5 Nxe1+ 32. Qxe1 Qf4 (32... Bf1+ 33. Qxf1 Qxe4+ 34. Kg1 exf5 35. Qa1
$1 $16) 33. Bg3 Qxe4+ 34. Qxe4 Bf1+ 35. Kxf1 dxe4 36. Bf4 gxf4 37. Nd6 $16) 31.
Bf5 gxf5 32. exd5 Qh3+ 33. Kh1 f4 $19) 29... Rae8 30. a4 Ba6 31. e4 {Even
though it seems strange this move is a defensive one, white has to fight
against mating attack.} (31. b4 Nxe1+ 32. Qxe1 Bf1+ $1 33. Nxf1 (33. Qxf1 Rxf1
34. Rxf1 Qxb4 $19) 33... Qe4+ 34. Kg3 Rf3+ 35. Kg2 Rxe3+ 36. Kf2 Qf3#) 31... g5
32. Re3 Nxg1 (32... g4 $2 33. Bxg4 Nxe5 34. Qd4 $18) 33. Kxg1 (33. Qxg1 d4 (
33... g4 34. Bxg4 Qxg4 35. exd5 exd5 $15) 34. Ree1 g4 35. Bxg4 Qxg4 36. Qxd4
Qf3+ 37. Kg1 Qxb3 $15) 33... d4 (33... Qxh3 34. Nf5 Qf1+ 35. Qxf1 Bxf1 36. Nd6
$16) 34. Qxd4 $2 {Too optimistic, white had a good chance to turn the tables
and even get some advantage.} (34. Rf3 $1 Qxh3 (34... Rxf3 $2 35. Qxf3 Qxh3 36.
Qf6+ Kg8 37. Rc7 $18) 35. Rxf8+ Rxf8 36. Qxd4 $14) 34... Qxh3 35. Qd7 (35. Qxa7
Rf2 $1 36. Kxf2 Qxh2+ 37. Ke1 Qg1+ 38. Kd2 Rd8+ $19) 35... Rd8 36. Qe7 Qg4 37.
Rce1 (37. Qc5 b6 38. Qb4 Qf4 $19) (37. Rc7 $2 Rd1+ 38. Kg2 Bf1+ 39. Kg1 Bh3+
$19) 37... Rde8 38. Qc7 Qf4 (38... Rc8 $1 39. Qe7 Qf4 40. Nh5 Qf2+ 41. Kh1 Rf7
42. Qxe6 Rc2 $19) 39. Kh1 (39. Nh5 Qf2+ (39... Qg4+ 40. Ng3 Rc8 $19) 40. Kh1
Rf7 41. Qc3 Bf1 42. Rg3 Be2 43. Nf6 Rd8 $17) 39... Rc8 40. Qe7 Rc2 41. Qxe6 (
41. b4 Bc4 $19) 41... Bf1 $1 (41... Bf1 $1 42. Rxf1 Qxf1+ 43. Nxf1 Rxf1#) 0-1

[Event "Petrov Memorial op"]
[Site "St Petersburg"]
[Date "1996.??.??"]
[Round "3"]
[White "Filippov, Valerij"]
[Black "Yandemirov, Valeri"]
[Result "0-1"]
[WhiteElo "2530"]
[BlackElo "2430"]
[Annotator "Ftacnik,L"]
[PlyCount "68"]
[EventDate "1996.02.??"]
[EventType "swiss"]
[EventRounds "9"]
[EventCountry "RUS"]
[SourceTitle "CBM 052"]
[Source "ChessBase"]
[SourceDate "1996.06.01"]
[SourceVersion "1"]
[SourceVersionDate "1996.06.01"]
[SourceQuality "1"]

1. Nf3 Nf6 2. c4 g6 3. d4 Bg7 4. g3 c6 5. Bg2 O-O 6. Nc3 d5 7. cxd5 cxd5 8. Ne5
e6 9. O-O Nfd7 10. f4 f6 11. Nd3 Nc6 12. e3 f5 13. Ne5 Ndxe5 14. dxe5 Bd7 (
14... Rf7 15. Qe2 Bd7 (15... b6 16. Rd1 Nb4 17. a3 Ba6 18. Nb5 Qe8 19. Bf1 Nc2
20. Ra2 Rc8 {1/2-1/2 Hulak,K-Watson,W/Palma de Mallorca GMA (07)/1989/}) 16.
Rd1 Bf8 17. Bd2 Be8 18. Be1 Rd7 19. Nb5 a6 20. Nd6 Ne7 21. Rac1 Nc8 22. Nxc8
Rxc8 23. Ba5 Rxc1 24. Bxd8 Rxd1+ 25. Qxd1 Rxd8 26. Qc2 Bc6 {1/2-1/2 Hug,
W-Brunner,L/Horgen SKA (11)/1994/ (32)}) 15. b3 Rc8 (15... Re8 16. Kh1 Qa5 17.
Bb2 Rec8 18. e4 d4 19. Ne2 Rd8 20. exf5 gxf5 21. Rf3 Be8 22. Rd3 Bh5 23. Qd2
Qxd2 24. Rxd2 d3 25. Nc1 Rd7 26. Ba3 Rad8 27. Rb1 Bf8 28. Bxf8 Kxf8 29. b4 Rd4
30. a3 Rc4 31. Nxd3 Rc3 32. Bf1 Rxa3 {1/2-1/2 Jasnikowski,Z-Pedzich,D/POL-ch 
(01)/1992/ (35)}) 16. Qd2 Rf7 17. a4 $2 {xb3} (17. Ba3 Qa5 18. Bd6 Nxe5) (17.
Bb2 Bf8 $10) 17... Na5 18. Rb1 Bf8 19. Ne2 (19. Nxd5 $5 exd5 20. Bxd5 Bc6 21.
Bxf7+ Kxf7 $15) 19... Qb6 20. Nd4 Bc5 21. Rd1 $2 (21. Qd3 $15) 21... Bxd4 22.
Qxd4 (22. exd4 Nxb3 23. Qe3 Bxa4 $19) 22... Qxd4 23. exd4 Nxb3 $1 24. Rxb3 (24.
a5 Ba4 $19) 24... Bxa4 25. Rbd3 Rfc7 26. Be3 (26. Ba3 Bxd1 27. Rxd1 Rc2 $17)
26... Bxd1 27. Rxd1 Rc2 28. Bf1 R8c3 29. Bd2 (29. Bd3 Ra2 30. Bf2 a5 $17) 29...
Rb3 30. Kf2 a5 31. Ke1 (31. Ke2 a4 32. Bg2 a3 $19) 31... a4 32. Ra1 a3 33. Kd1
Rcb2 34. Be2 (34. Kc1 a2 35. Bd3 Rxd3 36. Kxb2 Rxd2+ $19) 34... Rb1+ (34...
Rb1+ 35. Rxb1 Rxb1+ 36. Kc2 a2 $19) 0-1

[Event "Cutro 05th"]
[Site "Cutro"]
[Date "1999.04.24"]
[Round "2"]
[White "Romanishin, Oleg M"]
[Black "Epishin, Vladimir"]
[Result "1-0"]
[WhiteElo "2572"]
[BlackElo "2578"]
[Annotator "Ftacnik,L"]
[PlyCount "133"]
[EventDate "1999.04.??"]
[EventType "tourn"]
[EventRounds "11"]
[EventCountry "ITA"]
[EventCategory "10"]
[SourceTitle "CBM 071"]
[Source "ChessBase"]
[SourceDate "1999.08.01"]
[SourceVersion "1"]
[SourceVersionDate "1999.08.01"]
[SourceQuality "1"]

1. d4 Nf6 2. Nf3 g6 3. g3 Bg7 4. Bg2 d5 5. c4 c6 6. cxd5 cxd5 7. Ne5 O-O 8. Nc3
e6 9. O-O Nc6 10. Nxc6 bxc6 11. Bf4 Nd7 (11... Ba6 $1 12. Na4 Nd7 13. Rc1 Bb5
$10) 12. Qd2 Ba6 13. Rac1 (13. Rfd1) 13... Re8 (13... e5 14. dxe5 Nxe5 15. b3
Re8 16. Rfe1 Nd7 17. Na4 Rc8 18. Bg5 Bf6 19. Bxf6 Nxf6 20. Nc5 Qb6 21. Qb2 Kg7
22. Bh3 Rcd8 23. Nd7 {1-0 Schlemmermeyer,W-Fette,M/Hamburg/1990/ (23)}) (13...
Qe7 14. Bg5 Qd6 15. Bf4 Qe7 16. Bg5 Qd6 17. Bf4 {1/2-1/2 Dizdarevic,E-Bareev,E/
Sarajevo/1998/ (17)}) (13... Rc8 14. Rfd1 Re8 15. e4 $1 Nb6 16. b3 Qe7 17. h4
c5 $5 18. dxc5 d4 $5 19. cxb6 (19. Na4 $5 Nxa4 20. Bd6 Qd8 21. bxa4 e5 {
/\ Bf8~/=}) 19... dxc3 20. Qd6 Qxd6 21. Bxd6 axb6 22. e5 Red8 23. Be4 $1 Bf8 $1
24. f4 f5 $1 {1/2-1/2 Andersson,U-Uhlmann,W/Thessaloniki olm/ 1988/ (33)}) 14.
Rfd1 Qa5 15. b3 Rac8 (15... c5 $2 16. dxc5 Nxc5 17. Nxd5 $16) 16. Bd6 Qd8 (
16... c5 $2 17. dxc5 Nxc5 18. Nxd5 $1 $16) (16... e5 17. dxe5 Nxe5 18. Na4 $14)
17. e4 Bb7 (17... dxe4 $6 18. Nxe4 $16) 18. e5 c5 {Black is attacking the
d4-e5 chain with natural move. Unusually active location of the bishop on d6
makes is limiting opponents mobility to the critical point.} (18... f6 19. exf6
Qxf6 20. f4 $16) 19. Na4 (19. dxc5 Nxe5 $14) (19. f4 cxd4 20. Nb5 Rxc1 21. Rxc1
Qb6 22. Nxd4 Rc8 $14) 19... cxd4 20. Rxc8 Qxc8 (20... Bxc8 21. Qxd4 Qa5 22. f4
$14) 21. Rc1 Qa8 (21... Bc6 22. Qxd4 Qa6 23. Bf1 $14) 22. Qxd4 Rc8 23. Rxc8+
Qxc8 (23... Bxc8 24. f4 $14) 24. Qxa7 Bxe5 $6 {Logical move, but a very risky
decision. Black had to fight for counterplay with tactical threats, since now
it is the race of a-b pawns against d-e pawns.} (24... Qc1+ $5 25. Bf1 Qc6 26.
Nc5 (26. f3 d4 27. Nc5 Nxc5 28. Bb5 Qc8 (28... Qxb5 $2 29. Qb8+) 29. Bxc5 Bxe5
30. Bxd4 Qc1+ 31. Bf1 Bxd4+ 32. Qxd4 Bxf3 33. a4 Be2 $11) 26... Nxc5 27. Bb5
Qc8 28. Bxc5 Bxe5 $13) 25. Bxe5 Nxe5 26. Nc5 Bc6 27. a4 (27. f4 Nd7 (27... Ng4
28. Bh3 Nf6 29. a4 d4 30. b4 Nd7 31. Nd3 Qa8 32. Qxa8+ Bxa8 33. b5 $16) 28.
Nxd7 Bxd7 29. h3 $15) 27... Kg7 28. Qe7 Ba8 29. Qd6 Nc6 (29... Kg8 30. a5 $14)
30. Nd3 Qf8 31. Qc7 (31. Qxf8+ Kxf8 32. b4 Ke7 33. f4 f6 $14) 31... Qa3 32. Qc8
Qf8 (32... Qxb3 33. Qxa8 Nd4 34. Bf1 $1 $18) 33. Qa6 Qd8 (33... Qb8 34. b4 Nd4
35. b5 $14) 34. b4 e5 $5 35. b5 e4 (35... Qa5 36. Bxd5 $18) (35... Nd4 36. Nxe5
Qe8 37. Ng4 Qe1+ 38. Bf1 Nf3+ 39. Kg2 Nd2 40. Qf6+ Kf8 41. Bd3 $18) 36. bxc6 (
36. Nc5 Nd4 37. a5 Qg5 $132) 36... exd3 37. Qxd3 (37. Bf1 d2 38. Be2 d4 39. f3
d3 40. Bd1 Qe8 $11) 37... Bxc6 {Black can claim great success in stopping
advance of white pawns. But in the bishops ending white's a pawn is more
dangerous than black's d pawn, since it is far away from the center and the
kingside.} 38. Qc3+ $1 Qf6 39. Qxf6+ Kxf6 40. a5 $16 Ke5 41. f4+ Kd4 42. Kf2
Kc5 43. Bf1 f6 (43... Bb5 $2 44. Bxb5 Kxb5 45. Ke3 Kxa5 46. Kd4 Kb6 47. Kxd5
Kc7 48. Ke5 Kd7 49. Kf6 $18) 44. Bd3 d4 45. a6 Kb6 46. Ke2 Bd5 (46... Bd7 47.
h4 Bc8 48. Bc4) 47. h4 Be6 48. Kd2 Bc8 49. Bc4 h6 $2 (49... Bxa6 $1 50. Bxa6
Kxa6 51. Kd3 Kb6 52. Kxd4 Kc6 $14) 50. Kd3 Kc5 51. a7 $1 Bb7 52. Bf7 g5 53. Bg6
Ba6+ (53... Kb6 54. Kxd4 gxh4 55. gxh4 Kxa7 56. Kc5 $18) 54. Kd2 Bb7 55. Kd3
Ba6+ 56. Ke4 Bb7+ 57. Kf5 d3 58. Kxf6 d2 59. Bh5 (59. Bc2 gxh4 60. gxh4 Kb6 61.
Kg7 Kxa7 62. Kxh6 $19) 59... gxf4 60. gxf4 Kb6 61. Kg7 Kxa7 62. f5 $1 Kb6 63.
f6 Bd5 64. Kxh6 Kc7 65. Kg7 Kd6 66. f7 Bxf7 67. Kxf7 (67. Kxf7 Ke5 68. Bd1 Kf5
69. h5 Kg5 70. Kg7 $19) 1-0

[Event "RUS Cup final 4th"]
[Site "Elista"]
[Date "2000.08.29"]
[Round "10"]
[White "Bocharov, Dmitry"]
[Black "Kruppa, Yuri"]
[Result "0-1"]
[WhiteElo "2438"]
[BlackElo "2582"]
[Annotator "Ftacnik,L"]
[PlyCount "70"]
[EventDate "2000.08.19"]
[EventType "tourn"]
[EventRounds "11"]
[EventCountry "RUS"]
[EventCategory "12"]
[SourceTitle "CBM 079"]
[Source "ChessBase"]
[SourceDate "2000.11.21"]
[SourceVersion "1"]
[SourceVersionDate "2000.11.21"]
[SourceQuality "1"]

1. d4 Nf6 2. Nf3 g6 3. c4 Bg7 4. g3 c6 5. Bg2 d5 6. cxd5 cxd5 7. Nc3 O-O 8. Ne5
e6 9. O-O Nfd7 10. f4 f6 11. Nf3 Nc6 12. e4 dxe4 13. Nxe4 Nb6 14. Be3 Nd5 15.
Bf2 b6 16. Re1 Re8 17. Qd2 Qd7 18. g4 Bb7 19. f5 exf5 20. gxf5 Nce7 $1 {
Excellent move, black gets the full benefit from the blockade of the d5 square
and activity of all pieces.} (20... gxf5 21. Bh3 $13) (20... Qxf5 21. Nd6 Rxe1+
22. Nxe1 Qe6 23. Nxb7 Rb8 24. Nd6 Qxd6 25. Bg3 $16) 21. fxg6 Nxg6 22. Bg3 Ndf4
$1 23. Bxf4 (23. Nxf6+ Bxf6 24. Bxf4 Qg4 25. Bg3 (25. Bg5 Bxf3 26. Bxf6 Nf4 $19
) 25... Bxf3 26. Bxf3 Qxf3 27. Rf1 Qc6 28. d5 Qc5+ $19) 23... Rxe4 24. Rxe4 (
24. Be3 Rae8 $15) 24... Bxe4 25. Ne5 (25. Bg3 Qd5 $15) 25... Qd5 $1 (25... fxe5
26. Bxe4 Rd8 27. Bg5 Qxd4+ 28. Qxd4 Rxd4 29. Re1 $44) 26. Nxg6 hxg6 27. Bxe4
Qxe4 28. d5 f5 29. Rd1 (29. Re1 Bd4+ 30. Be3 Re8 31. Kf2 Qf4+ $19) 29... Rc8
30. d6 Rc4 $3 {[%mdl 64] Fascinating combination proving, that the
vulnerability of white king is more important than even a passed pawn on 7th
rank.} 31. Qg2 (31. Qd5+ Qxd5 32. Rxd5 Rd4 33. Rxd4 Bxd4+ 34. Kg2 Kf7 $19) (31.
d7 Bd4+ 32. Kf1 Qf3+ 33. Ke1 Bf2+ 34. Qxf2 Re4+ 35. Be3 Rxe3+ 36. Qxe3 Qxe3+
37. Kf1 Qf3+ 38. Ke1 Qh1+ 39. Ke2 Qxh2+ 40. Kf1 Qh1+ 41. Ke2 Qh5+ 42. Ke1 Qh4+
43. Ke2 Qd8 $19) 31... Rd4 32. Rf1 Qxg2+ 33. Kxg2 Kf7 34. Kf3 Bf8 35. Rc1 $2 (
35. Ke3 Re4+ 36. Kf3 Ke8 37. Rg1 Re6 $17) 35... Rxf4+ $1 (35... Rxf4+ 36. Kxf4
Bh6+ 37. Ke5 Bxc1 $19) 0-1